[Event "Herne op 5th"]
[Site "Herne"]
[Date "2016.05.26"]
[Round "3"]
[White "Tober, Julian"]
[Black "Goldenboog, Jurgen"]
[Result "0-1"]
[WhiteElo "1802"]
[BlackElo "1973"]
[PlyCount "72"]
[EventDate "2016.05.25"]
[EventType "swiss"]
[EventRounds "7"]
[EventCountry "GER"]
[SourceTitle "CBM 172 Extra"]
[Source "ChessBase"]
[SourceDate "2016.06.21"]
[SourceVersion "1"]
[SourceVersionDate "2016.06.21"]
[SourceQuality "1"]

1. e4 c6 2. d4 d5 3. exd5 cxd5 4. c4 Nf6 5. Nc3 g6 6. h3 Bg7 7. Nf3 0-0 8. Bd3 b6 9. 0-0 dxc4 10. Bxc4 Bb7 11. Re1 e6 12. Be3 Nc6 13. Qd2 Rc8 14. b3 Ne7 15. Ne5 Nfd5 16. Nxd5 Bxd5 17. Bxd5 Qxd5 18. Nf3 Nf5 19. Rad1 Nxe3 20. Rxe3 Bh6 21. Qd3 Bxe3 22. fxe3 Rc7 23. e4 Qa5 24. Rd2 Rfc8 25. Ne5 Rc3 26. Qe2 Rc1+ 27. Kh2 f6 28. Nd7 Qg5 29. Qf2 f5 30. exf5 Qxf5 31. Qh4 g5 32. Qg3 Rf1 33. Re2 Qf4 34. Qxf4 gxf4 35. Rxe6 Rcc1 36. g3 Rf2# 0-1